000 00470nam a2200205Ia 4500
003 OSt
005 20221007083223.0
006 a|||||r|||| 00| 0
007 ta
008 221006b |||||||| |||| 00| 0 eng d
024 _a25,339
037 _cTextual
040 _aFLL
_cFLL
_beng
041 _2eng
_aeng
100 _aS.K. Agarwala
_9700487
245 0 _aLaw of treaties
260 _c1972
942 _cTEXL
_2CC
999 _c1169268
_d1169268